Guide networking essentials (Record no. 138544)

000 -LEADER
fixed length control field 00267nmm a2200097Ia 4500
008 - FIXED-LENGTH DATA ELEMENTS--GENERAL INFORMATION
fixed length control field 220120s9999||||xx |||||||||||||||||und||
082 ## - DEWEY DECIMAL CLASSIFICATION NUMBER
Classification number 004.6 TOM
100 ## - MAIN ENTRY--PERSONAL NAME
Personal name Tomsho, Greg. Tittel, Ed and Johnson, David
9 (RLIN) 6076
245 #0 - TITLE STATEMENT
Title Guide networking essentials
260 ## - PUBLICATION, DISTRIBUTION, ETC.
Date of publication, distribution, etc. 2007
Holdings
Withdrawn status Lost status Damaged status Not for loan Home library Current library Date acquired Barcode Date last seen Price effective from Koha item type
        Central Library Central Library 01/20/2022 CD95 01/20/2022 01/20/2022 Compact Disc

Powered by Koha